000 00583nam a2200193Ia 4500
003 LK-CoDNM
005 20241217121124.0
008 121030t2008 xxu||||| |||| 00| 0 sin d
040 _aLK-CoDNM
_dLK-CoDNM
_eLK-CoDNM
041 _asin
080 _aX8S1
_bPER
245 _aපැරණි අකුරු කරවන පොත් සංග්‍රහය
246 _aPerani Akuru Karavana Poth Sangrahaya
250 _a2nd
260 _bRathna Poth Prakashakayo
_aColombo 10
_c2008
300 _b70p. ; 21 cm
650 _aපුරාතණ පද්‍ය
942 _cBK
999 _c75762
_d75762